Einwohner Kampf – Sudden Death - Statistiken

Allgemein
  • Dieses Quiz wurde 297 mal gespielt
  • Das Durchschnittsergebnis liegt bei 5 aus 10
Answers on the Grid
Answers color-coded by a green-red scale on the quiz's grid according to % correct below.
Kanada
Mexiko
Vereinigte Staaten
Indonesien
Thailand
Vietnam
Kolumbien
Äthiopien
Malaysia
Polen
Spanien
Türkei
Algerien
Griechenland
Taiwan
Argentinien
Kambodscha
Schweden
Belgien
Haiti
Saudi Arabien
Österreich
Zypern
Jamaika
Albanien
Bahamas
Neuseeland
Timor-Leste
Grenada
Island
 
Antwortstatistiken
Antwort % Korrekt
351 m Vereinigte Staaten
98%
286 m Indonesien
82%
88 m Türkei
71%
135 m Äthiopien
65%
47 m Algerien
44%
46 m Argentinien
38%
34.5 m Saudi Arabien
36%
9.1 m Österreich
33%
5.3 m Neuseeland
22%
1.42 m Timor-Leste
8%
Keine übereinstimmenden Quizze gefunden
Verteilung der Resultate
Anzahl Personen mit jedem Resultat
Perzentil nach korrekt beantworteten Fragen
Ihre Resultats-Entwicklung
Sie haben dieses Quiz noch nicht gespielt